Escape the Backrooms Levels with the most Items - Statistics

General Stats
  • This quiz has been taken 6 times
  • The average score is 10 of 16
Answer Stats
Amount Items Answer % Correct
5 Almond Water, Flashlights, Energy Bars, Juice, Liquid Pain Level Fun
80%
5 Almond Water, Flashlights, Energy Bars, Juice, Glowstick Level Fun+(Glowstick Area)
80%
5 Almond Water, Flashlights, Energy Bars, Juice, Fireworks Level Fun+ (Party Host Area)
80%
6 Almond Water, Flashlights, Energy Bars, Juice, Bug Spray, Moth Jelly Terror Hotel (Lobby)
80%
5 Almond Water, Flashlights, Energy Bars, Juice, Moth Jelly Terror Hotel (Rooms)
80%
5 Almond Water, Flashlights, Energy Bars, Juice, Crowbars Abandoned Office
60%
5 Almond Water, Flashlights, Energy Bars, Juice, Walkie Talkies Cave System
60%
5 Almond Water, Flashlights, Energy Bars, Juice, Walkie Talkies Field of Wheat
60%
7 Almond Water, Flashlights, Energy Bars, Juice, Liquid Pain, Chainsaw, Walkie Talkies Level 0.11
60%
5 Almond Water, Flashlights, Energy Bars, Juice, Walkie Talkies Level 188
60%
6 Almond Water, Flashlights, Energy Bars, Juice, Walkie Talkies, Cameras Level 55.1
60%
5 Almond Water, Flashlights, Energy Bars, Juice, LiDAR Scanner Lights Out
60%
5 Almond Water, Flashlights, Energy Bars, Juice, Walkie Talkies Remodeled Mess
60%
5 Almond Water, Energy Bars, Juice, Flare Gun, Diving Helmet Thalassophobia
60%
8 Almond Water, Flashlights, Energy Bars, Juice, Liquid Pain, Walkie Talkies, Bug Spary, Moth Jelly The Suburbs
60%
5 Almond Water, Flashlights, Energy Bars, Juice, Liquid Pain School Halls
20%
No matching quizzes found
Score Distribution
Percent of People with Each Score
Percentile by Number Answered
Your Score History
You have not taken this quiz